[Event "Manaus Ajax op"]
[Site "Manaus"]
[Date "2019.03.17"]
[Round "4"]
[White "Dichtl, Thiago Rodrigues"]
[Black "Arenillas Nahuel, Oliveira"]
[Result "0-1"]
[WhiteElo "1432"]
[BlackElo "1907"]
[PlyCount "67"]
[EventDate "2019.03.16"]
[EventType "swiss"]
[EventRounds "6"]
[EventCountry "BRA"]
[SourceTitle "CBM 189 Extra"]
[Source "ChessBase"]
[SourceDate "2019.05.31"]
[SourceVersion "1"]
[SourceVersionDate "2019.05.31"]
[SourceQuality "1"]

1. e4 c5 2. Nf3 g6 3. d3 Bg7 4. g3 Nc6 5. Bg2 e6 6. 0-0 Nge7 7. Nbd2 0-0 8. Re1 d5 9. e5 Qc7 10. Qe2 Nf5 11. c3 h5 12. Nf1 b5 13. h4 Ba6 14. a3 d4 15. Bf4 Rab8 16. Qd2 Na5 17. Qd1 Rfd8 18. b4 Nc6 19. Qc1 c4 20. dxc4 bxc4 21. a4 Bb7 22. b5 Na5 23. Qb2 d3 24. Rab1 Nb3 25. N1d2 Nc5 26. Qa2 Bd5 27. Nd4 Bxg2 28. Nxf5 Bd5 29. Ne3 Bxe5 30. Bxe5 Qxe5 31. Nxd5 Qxd5 32. Rbd1 Nb3 33. Qb2 Na5 34. Nf1 0-1

[Event "Manaus Regional Norte-ch"]
[Site "Manaus"]
[Date "2017.09.10"]
[Round "6"]
[White "Da Silva, Vitoria Aparecida V"]
[Black "Dichtl, Thiago Rodrigues"]
[Result "1-0"]
[WhiteElo "1370"]
[BlackElo "1726"]
[PlyCount "63"]
[EventDate "2017.09.07"]
[EventType "swiss"]
[EventRounds "7"]
[EventCountry "BRA"]
[SourceTitle "CBM 180 Extra"]
[Source "ChessBase"]
[SourceDate "2017.10.06"]
[SourceVersion "1"]
[SourceVersionDate "2017.10.06"]
[SourceQuality "1"]

1. e4 e5 2. Nf3 Nc6 3. d4 exd4 4. Bc4 Bc5 5. c3 dxc3 6. Bxf7+ Kxf7 7. Qd5+ Ke8 8. Qh5+ g6 9. Qxc5 Nge7 10. Qxc3 Rg8 11. 0-0 d6 12. Bg5 Be6 13. Nbd2 Kd7 14. Nd4 Nxd4 15. Qxd4 Qf8 16. Rfe1 Nc6 17. Qc3 Re8 18. b4 a6 19. a4 Na7 20. Rab1 c6 21. Be3 Ra8 22. Bxa7 Rxa7 23. b5 axb5 24. axb5 cxb5 25. Rxb5 Qe8 26. Qe3 Kd8 27. Qxa7 Qxb5 28. Rb1 Qd3 29. Rxb7 Qxd2 30. Qb8+ Bc8 31. Qc7+ Ke8 32. Qe7# 1-0

[Event "Manaus Amazonas-ch"]
[Site "Manaus"]
[Date "2017.04.15"]
[Round "5"]
[White "Coelho, Gabriel Neves"]
[Black "Dichtl, Thiago Rodrigues"]
[Result "1-0"]
[WhiteElo "1798"]
[BlackElo "1751"]
[PlyCount "105"]
[EventDate "2017.04.13"]
[EventType "swiss"]
[EventRounds "7"]
[EventCountry "BRA"]
[SourceTitle "CBM 177 Extra"]
[Source "ChessBase"]
[SourceDate "2017.04.27"]
[SourceVersion "1"]
[SourceVersionDate "2017.04.27"]
[SourceQuality "1"]

1. e4 e5 2. Nf3 Nc6 3. d4 d6 4. Bb5 Bd7 5. 0-0 Nf6 6. Re1 a6 7. Ba4 Be7 8. c3 h6 9. Bc2 0-0 10. h3 Qc8 11. d5 Na7 12. Kh2 c6 13. c4 cxd5 14. cxd5 Re8 15. Nc3 Nb5 16. Ne2 Qc5 17. Be3 Qb4 18. a4 Na7 19. Qb1 Rec8 20. Nc3 b5 21. Bxa7 Rxa7 22. axb5 Bxb5 23. Nxb5 Qxb5 24. Bd3 Qb6 25. Kg1 Nd7 26. Rc1 Rxc1+ 27. Qxc1 Nc5 28. Bc2 Nb3 29. Bxb3 Qxb3 30. Rxa6 Rxa6 31. Qc8+ Kh7 32. Qxa6 Qxb2 33. Qc8 Qb1+ 34. Kh2 Qxe4 35. Qd7 Qxd5 36. Qxe7 e4 37. Ng1 f6 38. Ne2 Qd3 39. Nf4 Qd4 40. Qxg7+ Kxg7 41. Ne6+ Kf7 42. Nxd4 d5 43. Kg3 Ke7 44. Kf4 Kd6 45. Nf5+ Kc5 46. Nxh6 d4 47. Kxe4 Kc4 48. Nf5 d3 49. Ne3+ Kc3 50. Kf3 Kd2 51. g4 Ke1 52. h4 d2 53. h5 1-0